El suicidio en México, D.F

Guardat en:
Dades bibliogràfiques
Autor principal: Rodríguez Sala, María Luisa (Autor)
Format: Llibre
Idioma:espanyol
Publicat: Ciudad de México Biblioteca de Ensayos Sociológicos. Universidad Nacional 1963
Col·lecció:Cuadernos de Sociología
Matèries:
Etiquetes: Afegir etiqueta
Sense etiquetes, Sigues el primer a etiquetar aquest registre!

MARC

LEADER 00000nam a2200000 a 4500
001 UCR8439
003 CL-VaPUC
008 980529e19630000MX |||||||||||||||||spa|d
082 0 4 |a 364.152  |b ROD  |2 21 
100 0 |a Rodríguez Sala, María Luisa  |e author  |9 410155 
245 1 3 |a El suicidio en México, D.F 
300 |a 118 p 
942 |c BK 
945 |d 19980529 00:00:00  |a cmena 
260 |a Ciudad de México  |b Biblioteca de Ensayos Sociológicos. Universidad Nacional  |c 1963 
650 7 |a SUICIDIO  |2 CL-VaPUC  |9 317374 
650 0 |a Aspectos sociales  |9 254894 
650 7 |a ESTADO CIVIL  |2 CL-VaPUC  |9 410156 
650 0 |a Enfermedades  |9 263059 
651 0 |a México  |9 255269 
583 |a last modification  |c 19980529 00:00:00  |k Rodrigo Vera 
490 0 |a Cuadernos de Sociología 
999 |c 269844  |d 269842 
952 |0 0  |1 0  |4 0  |6 364_152000000000000_ROD_1963  |7 0  |8 A  |9 303880  |a BIBENE  |b BIBENE  |d 2019-11-20  |i 1406647  |o 364.152 ROD 1963  |p 1406647  |r 2025-01-15  |w 2019-11-20  |y BK  |k ICO